|
|
|
|
| LEADER |
00000nam0a2200000 4500 |
| 001 |
21396 |
| 005 |
20231030192614.0 |
| 010 |
|
|
|a 5239014469
|
| 035 |
|
|
|a (RuTPU)RU\TPU\book\21595
|
| 035 |
|
|
|a BOOK00006288
|
| 090 |
|
|
|a 21396
|
| 100 |
|
|
|a 20011209d1992 m y0rusy50 ca
|
| 101 |
0 |
|
|a rus
|a eng
|
| 102 |
|
|
|a RU
|
| 105 |
|
|
|a y j 000zy
|
| 200 |
1 |
|
|a Письмовник для ведения деловой корреспонденции
|e на русском и английском языках
|f А. П. Загорская, Н. П. Петроченко, П. Ф. Петроченко
|
| 210 |
|
|
|a Москва
|c Московский рабочий
|d 1992
|
| 215 |
|
|
|a 247 с.
|
| 610 |
1 |
|
|a английский язык
|
| 610 |
1 |
|
|a стилистика
|
| 610 |
1 |
|
|a письмо
|
| 610 |
1 |
|
|a деловая корреспонденция
|
| 610 |
1 |
|
|a учебные пособия
|
| 686 |
|
|
|a Ш143.21-923.7
|v LBC/SL-A
|2 rubbk
|
| 700 |
|
1 |
|a Загорская
|b А. П.
|g Александра Петровна
|
| 701 |
|
1 |
|a Петроченко
|b Н. П.
|g Нина Петровна
|
| 701 |
|
1 |
|a Петроченко
|b П. Ф.
|g Петр Федорович
|
| 801 |
|
0 |
|a RU
|b 63413507
|c 20011209
|g PSBO
|
| 801 |
|
2 |
|a RU
|b 63413507
|c 20130617
|g PSBO
|
| 942 |
|
|
|c BK
|